000 00413nam a2200133Ia 4500
008 231129s2006||||xx |||||||||||||| ||spa||
020 _a958-97159-8-7
082 _a658.314 A643m
100 _aAponte Cihak Irena Maria
245 0 _aMotivacion laboral para el alto desempeno y resultados sorprendentes
260 _c2006
264 _aSeminarios Andinos
942 _2ddc
_cBKS
999 _c21411
_d21411